[Event "ROM-ch U10 Boys"]
[Site "Voineasa"]
[Date "2008.04.15"]
[Round "5"]
[White "Munteanu, Petru"]
[Black "Stavila, Radu Adrian"]
[Result "0-1"]
[WhiteElo "401"]
[BlackElo "440"]
[PlyCount "76"]
[EventDate "2008.04.08"]
[EventType "swiss"]
[EventRounds "9"]
[EventCountry "ROU"]
[SourceTitle "EXT 2013"]
[Source "ChessBase"]
[SourceDate "2012.11.22"]
[SourceVersion "1"]
[SourceVersionDate "2012.11.22"]
[SourceQuality "1"]

1. e4 c5 2. Nf3 Nc6 3. d4 cxd4 4. Nxd4 Nxd4 5. Qxd4 e6 6. Nc3 d6 7. Bb5+ Bd7 8. Bxd7+ Qxd7 9. Bh6 f6 10. Be3 Be7 11. 0-0 d5 12. exd5 exd5 13. Nxd5 b6 14. c4 Bc5 15. Qe4+ Be7 16. Nxe7 Nxe7 17. Qxa8+ Nc8 18. Qe4+ Ne7 19. c5 0-0 20. cxb6 axb6 21. Qc4+ Kh8 22. Rad1 Qe8 23. Bxb6 Nc6 24. Rfe1 Ne5 25. Qb3 Qb8 26. Rd8 Rxd8 27. Qe6 Re8 28. Qb3 h6 29. a4 Rd8 30. a5 Rg8 31. a6 Nc6 32. Qb5 Na7 33. Qc5 Nc8 34. Qc6 Nxb6 35. Ra1 Na8 36. a7 Qxb2 37. Ra6 Qb1+ 38. Qc1 Qxc1# 0-1

[Event "ROM-ch U10 Boys"]
[Site "Voineasa"]
[Date "2008.04.14"]
[Round "4"]
[White "Baciu, Alexandru"]
[Black "Munteanu, Petru"]
[Result "1-0"]
[WhiteElo "401"]
[BlackElo "401"]
[PlyCount "63"]
[EventDate "2008.04.08"]
[EventType "swiss"]
[EventRounds "9"]
[EventCountry "ROU"]
[SourceTitle "EXT 2013"]
[Source "ChessBase"]
[SourceDate "2012.11.22"]
[SourceVersion "1"]
[SourceVersionDate "2012.11.22"]
[SourceQuality "1"]

1. e4 e5 2. Nf3 Nc6 3. d4 f6 4. d5 Nd4 5. Nxd4 exd4 6. Qxd4 b6 7. Nc3 Bc5 8. Qd3 Ne7 9. Be3 Ba6 10. Qd2 Bb4 11. Bxa6 Rf8 12. a3 Bd6 13. Nb5 Bc5 14. Bxc5 bxc5 15. Qa5 Rc8 16. Bxc8 Qxc8 17. Nxa7 Qb7 18. Nb5 c6 19. Nc7+ Kf7 20. 0-0-0 Rb8 21. b3 Rc8 22. Na6 Ra8 23. Nxc5 Qb8 24. Nxd7 Qe8 25. Qc7 Rc8 26. Qb7 Rb8 27. Qa7 Ra8 28. Qc7 Rxa3 29. Qxc6 Ra1+ 30. Kb2 Ra8 31. Nb6 Ra6 32. Qb7 1-0

[Event "ROM-ch U10 Boys"]
[Site "Voineasa"]
[Date "2008.04.13"]
[Round "2"]
[White "Roibu, Codrin"]
[Black "Munteanu, Petru"]
[Result "1-0"]
[WhiteElo "416"]
[BlackElo "401"]
[PlyCount "25"]
[EventDate "2008.04.08"]
[EventType "swiss"]
[EventRounds "9"]
[EventCountry "ROU"]
[SourceTitle "EXT 2013"]
[Source "ChessBase"]
[SourceDate "2012.11.22"]
[SourceVersion "1"]
[SourceVersionDate "2012.11.22"]
[SourceQuality "1"]

1. e4 e5 2. Nf3 Nc6 3. Bc4 Nf6 4. Nc3 Bb4 5. 0-0 0-0 6. d3 d6 7. Bg5 Bg4 8. Nd5 Bxf3 9. Qxf3 Nd4 10. Qd1 h6 11. Nxf6+ Kh8 12. Qh5 g6 13. Qxh6# 1-0